01519nam a2200349 a 4500001001200000003000800012006001900020007001500039008004100054010001700095020004100112020001800153020001800171040002100189035002100210050002700231082001600258245010700274250001200381260005800393300002300451504005100474505021900525533015200744650003300896655002900929700002300958700002800981710001701009856012601026999001701152ebr10225039CaPaEBRm u cr cn|||||||||051212s2007 caua sb 001 0 eng d z 2005036143 z0123329086 (hard cover : alk. paper) z9780123329080 z9780080547435 aCaPaEBRcCaPaEBR a(OCoLC)64674087614aQH541.5.S7bM47 2007eb04a577.6/422200aMethods in stream ecologyh[electronic resource] /c[edited by] F. Richard Hauer and Gary A. Lamberti. a2nd ed. aSan Diego, Calif. :bAcademic Press/Elsevier,cc2007. axv, 877 p. :bill. aIncludes bibliographical references and index.0 asection A. Physical processes -- section B. Material transport, uptake, and storage -- section C. Stream biota -- section D. Community interactions -- section E. Ecosystem processes -- section F. Ecosystem quality. aElectronic reproduction.bPalo Alto, Calif. :cebrary,d2009.nAvailable via World Wide Web.nAccess may be limited to ebrary affiliated libraries. 0aStream ecologyxMethodology. 7aElectronic books.2local1 aHauer, F. Richard.1 aLamberti, Gary Anthony.2 aebrary, Inc.40uhttp://site.ebrary.com/lib/rucke/Doc?id=10225039zAn electronic book accessible through the World Wide Web; click to view c26758d26758